000 01015nam a2200277Ia 4500
001 Para_10355
003 CHAP
008 220125sDici xx 000 0 und d
010 _a209031
040 _cCHAP
090 _aPA CD - TESIS 282
100 _aCastillo Cruz, Mireille Escarlet
_9128980
245 _aEfectividad biológica de hongos entomopatógenos en el control del gorgojo Acanthoscelides obtectus (say) en Chapingo, México /
_c Mireille Escarlet Castillo Cruz; Director Amalia Pèrez Valdez
260 _aChapingo, Méx. :
_b el autor
300 _a1 CDS ROM (87 p.)
502 _aTesis (Ing. Agr. Esp. en Parasitología Agrícola). UACh. Departamento Parasitología Agrícola
700 _aPérez Valdez, Amalia. Director
_9175140
710 _aUACh Departamento Parasitología Agrícola
901 _aPA CD - TESIS 282
902 _aM
905 _a513220Diciembre, 2014 anm 8100000000 06
910 _aDici
942 _cPARA
942 _cPARA
_d2
999 _c209031
_d209031